<The> Economic Foundation of Chinese Soft Power in Slovakia
Predstavenie ekonomického základu čínskej mäkkej sily na Slovensku. Problém budovania čínskej mäkkej sily na základe jej ekonomickej prítomnosti na Slovensku. Vnímanie Číny na Slovensku.
Gespeichert in:
| 1. Verfasser: | |
|---|---|
| Format: | Buchkapitel |
| Sprache: | Englisch |
| Schlagworte: | |
| Tags: |
Keine Tags, Fügen Sie das erste Tag hinzu!
|
MARC
| LEADER | 00000naa$a2200000$$$4500 | ||
|---|---|---|---|
| 001 | 0269783 | ||
| 005 | 20240502074228.7 | ||
| 041 | 0 | |a eng | |
| 044 | |a SK | ||
| 245 | 1 | 0 | |a <The> Economic Foundation of Chinese Soft Power in Slovakia |c Juraj Ondriaš |
| 520 | |a Predstavenie ekonomického základu čínskej mäkkej sily na Slovensku. Problém budovania čínskej mäkkej sily na základe jej ekonomickej prítomnosti na Slovensku. Vnímanie Číny na Slovensku. | ||
| 610 | 2 | 0 | |a Čína |
| 610 | 2 | 0 | |a Slovensko |
| 610 | 2 | 0 | |a mienka verejná |
| 100 | 1 | |a Ondriaš, Juraj, 1988- | |